[Event "Sables d'Olonne op 1st"]
[Site "Sables d'Olonne"]
[Date "2014.07.12"]
[Round "1"]
[White "Bernard, Alien"]
[Black "Saada, Julien"]
[Result "0-1"]
[WhiteElo "2027"]
[BlackElo "2378"]
[PlyCount "74"]
[EventDate "2014.07.12"]
[EventType "swiss"]
[EventRounds "9"]
[EventCountry "FRA"]
[SourceTitle "CBM 161 Extra"]
[Source "ChessBase"]
[SourceDate "2014.08.29"]
[SourceVersion "1"]
[SourceVersionDate "2014.08.29"]
[SourceQuality "1"]

1. e4 c6 2. d4 d5 3. exd5 cxd5 4. Bd3 Nc6 5. c3 Qc7 6. Ne2 Bg4 7. f3 Bh5 8. Bf4 Qd7 9. 0-0 Bg6 10. Bg3 Bxd3 11. Qxd3 e6 12. Nd2 Nh6 13. Nb3 Be7 14. Nc5 Bxc5 15. dxc5 Nf5 16. b4 0-0 17. Rab1 a5 18. a3 Nxg3 19. Nxg3 Ne5 20. Qe2 Nc4 21. Ra1 Qc7 22. f4 axb4 23. cxb4 g6 24. Qd3 b6 25. Ne4 f6 26. Qd4 Kg7 27. cxb6 Nxb6 28. Nc5 Qd6 29. Rfc1 Rf7 30. Re1 Re7 31. a4 e5 32. fxe5 fxe5 33. Qh4 e4 34. Rad1 Qe5 35. a5 Nc8 36. Kh1 Rb8 37. Nd3 Qd6 0-1